Worte wie Licht in der Nacht

Saved in:  
Bibliographic Details
Main Author: Wiesel, Elie 1928-2016 (Author)
Contributors: Walter, Rudolf 1946- (Editor)
Format: Print Book
Language:German
Subito Delivery Service: Order now.
Check availability: HBZ Gateway
WorldCat: WorldCat
Interlibrary Loan:Interlibrary Loan for the Fachinformationsdienste (Specialized Information Services in Germany)
Published: Freiburg im Breisgau Basel Wien Herder 1991
In:Year: 1991
Edition:3. Aufl.

MARC

LEADER 00000cam a2200000 c 4500
001 1652288074
003 DE-627
005 20240510194015.0
007 tu
008 910724s1991 gw ||||| 00| ||ger c
016 7 |a 870993879  |2 DE-101 
020 |a 3451210800  |9 3-451-21080-0 
035 |a (DE-627)1652288074 
035 |a (DE-576)024954128 
035 |a (DE-599)DNB870993879 
035 |a (OCoLC)75189058 
035 |a (OCoLC)75189058 
040 |a DE-627  |b ger  |c DE-627  |e rakwb 
041 |a ger 
044 |c XA-DE  |c XA-CH  |c XA-AT 
084 |a 13  |2 sdnb 
084 |a BM 1530  |2 rvk  |0 (DE-625)rvk/12462: 
100 1 |0 (DE-588)11880975X  |0 (DE-627)079583717  |0 (DE-576)163561966  |4 aut  |a Wiesel, Elie  |d 1928-2016 
109 |a Wiesel, Elie 1928-2016  |a Vizel, Eli 1928-2016  |a Wiesel, Eli 1928-2016  |a Vizel, Ė. 1928-2016  |a Wiezel, Eli 1928-2016  |a Wiesel, Elisaha 1928-2016  |a Wiesel, Eliezer 1928-2016  |a Wiesel, Elizer 1928-2016  |a Wîzel, Ēlî 1928-2016  |a Ṿizel, Eli 1928-2016  |a Weisel, Elie 1928-2016 
245 1 0 |a Worte wie Licht in der Nacht  |c Elie Wiesel. Hrsg. u. eingel. von Rudolf Walter 
250 |a 3. Aufl. 
264 1 |a Freiburg im Breisgau  |a Basel  |a Wien  |b Herder  |c 1991 
300 |a 127 S. 
336 |a Text  |b txt  |2 rdacontent 
337 |a ohne Hilfsmittel zu benutzen  |b n  |2 rdamedia 
338 |a Band  |b nc  |2 rdacarrier 
583 1 |a Archivierung prüfen  |c 20200919  |f DE-640  |z 1  |2 pdager 
583 1 |a Archivierung/Langzeitarchivierung gewährleistet  |f PEBW  |x XA-DE-BW  |2 pdager  |5 DE-31 
700 1 |e Hrsg.  |0 (DE-588)118050311  |0 (DE-627)079213022  |0 (DE-576)291687156  |4 edt  |a Walter, Rudolf  |d 1946- 
889 |w (DE-627)118960725 
935 |a mteo 
935 |i mdedup 
936 r v |a BM 1530  |b Texte  |k Theologie und Religionswissenschaften  |k Theologie des geistlichen Lebens  |k Literarische Gattungen geistlicher Literatur  |k Gemischte Quellen  |k ab 1500  |k Texte  |0 (DE-627)1270730711  |0 (DE-625)rvk/12462:  |0 (DE-576)200730711 
951 |a BO 
ELC |b 1 
ORI |a SA-MARC-ixtheo_oa001.raw